| 000 -CABECERA |
| Longitud fija campo de control |
01221nam a22002894a 4500 |
| 001 - NÚMERO DE CONTROL |
| Número de control |
991022614749706706 |
| 003 - IDENTIFICADOR DEL NÚMERO DE CONTROL |
| Identificador del número de control |
OSt |
| 005 - FECHA Y HORA DE LA ÚLTIMA TRANSACCIÓN |
| Fecha y hora de la última transacción |
20211216114210.0 |
| 008 - CÓDIGOS DE INFORMACIÓN DE LONGITUD FIJA |
| Códigos de información de longitud fija |
910314s1989 sp |||||| |00| ||spa|c |
| 035 ## - NÚMERO DE CONTROL DEL SISTEMA |
| Número de control del sistema |
(ES-BaCBU)b15773577-34csuc_network |
| 035 ## - NÚMERO DE CONTROL DEL SISTEMA |
| Número de control del sistema |
(ES-BaCBU).b15773577 |
| 035 ## - NÚMERO DE CONTROL DEL SISTEMA |
| Número de control del sistema |
(ccuc001)b15773577 |
| 035 ## - NÚMERO DE CONTROL DEL SISTEMA |
| Número de control del sistema |
(OCoLC)1120288281 |
| 040 ## - FUENTE DE LA CATALOGACIÓN |
| Centro catalogador de origen |
ES-BaCBU |
| Lengua de catalogación |
cat |
| Centro transcriptor |
CDMR |
| 080 ## - NÚMERO DE LA CLASIFICACIÓN DECIMAL UNIVERSAL |
| Número de la Clasificación Decimal Universal |
301.113.2(46) |
| 245 03 - MENCIÓN DE TÍTULO |
| Título |
La comunicación en las naciones sin estado / |
| Mención de responsabilidad, etc. |
edición de Juan Carlos de Miguel |
| 260 ## - PUBLICACIÓN, DISTRIBUCIÓN, ETC. (PIE DE IMPRENTA) |
| Lugar de publicación, distribución, etc. |
Bilbao : |
| Nombre del editor, distribuidor, etc. |
Universidad del País Vasco. Departamento de Comunicación Audiovisual y Publicidad. Departamento de Periodismo, |
| Fecha de publicación, distribución, etc. |
DL 1989 |
| 300 ## - DESCRIPCIÓN FÍSICA |
| Extensión |
296 p. ; |
| Dimensiones |
24 cm |
| 500 ## - NOTA GENERAL |
| Nota general |
Recull de les jornades del mateix títol celebrades a Leioa els dies 19-21 d'abril de 1988 |
| 650 #0 - PUNTO DE ACCESO ADICIONAL DE MATERIA - TÉRMINO DE MATERIA |
| 9 (RLIN) |
3689 |
| Término de materia o nombre geográfico como elemento inicial |
Mitjans de comunicació de massa |
| Subdivisión geográfica |
País Basc |
| Subdivisión de materia general |
Congressos |
| 700 1# - PUNTO DE ACCESO ADICIONAL - NOMBRE DE PERSONA |
| Nombre de persona |
Miguel, Juan Carlos |
| 9 (RLIN) |
1976 |
| 710 2# - PUNTO DE ACCESO ADICIONAL - NOMBRE DE ENTIDAD |
| Nombre de entidad o nombre de jurisdicción como elemento inicial |
Universidad del País Vasco. |
| Unidad subordinada |
Departamento de Comunicación Audiovisual y Publicidad |
| 710 2# - PUNTO DE ACCESO ADICIONAL - NOMBRE DE ENTIDAD |
| Nombre de entidad o nombre de jurisdicción como elemento inicial |
Universidad del País Vasco. |
| Unidad subordinada |
Departamento de Periodismo |
| 907 ## - ELEMENTO G DATOS LOCALES, GDL (RLIN) |
| a |
.b15773577 |
| b |
28-04-21 |
| c |
07-05-08 |
| d |
14-03-91 |
| e |
m |
| f |
a |
| g |
- |
| h |
spa |
| i |
sp |
| j |
3 |
| k |
2 |
| 908 ## - CONTROL DE PARÁMETROS (RLIN) |
| Parametro de comando lanzado |
UAB |
| -- |
UIC |
| -- |
GEPA |
| 942 ## - ENTRADA DE ELEMENTOS AGREGADOS (KOHA) |
| Fuente de clasificaión o esquema |
|
| Koha [por defecto] tipo de item |
Ponències / Comunicacions |